[Event "Tatry op"]
[Site "Tatranske Zruby"]
[Date "2006.09.26"]
[Round "5"]
[White "Alexaj, Ondrej"]
[Black "Silhava, Jana"]
[Result "1/2-1/2"]
[WhiteElo "2072"]
[BlackElo "1889"]
[PlyCount "85"]
[EventDate "2006.09.23"]
[EventType "swiss"]
[EventRounds "9"]
[EventCountry "SVK"]
[SourceTitle "CBM 114 Extra"]
[Source "ChessBase"]
[SourceDate "2006.11.03"]
[SourceVersion "1"]
[SourceVersionDate "2006.11.03"]
[SourceQuality "1"]

1. e4 g6 2. d4 d6 3. Nc3 Bg7 4. Nf3 Nc6 5. Be3 Nf6 6. h3 0-0 7. Qd2 Nd7 8. 0-0-0 Nb6 9. Bh6 a5 10. Bxg7 Kxg7 11. d5 Ne5 12. Ng5 f6 13. f4 fxg5 14. fxe5 e6 15. dxe6 Bxe6 16. exd6 a4 17. dxc7 Qxc7 18. Qd4+ Kg8 19. Nd5 Nxd5 20. exd5 Bf5 21. c3 Qd6 22. g4 Bd7 23. Qb4 Qg3 24. d6 Qe3+ 25. Kb1 b5 26. Bg2 Rf4 27. Bd5+ Kg7 28. Rhe1 Qa7 29. Rd4 Raf8 30. Rde4 Rxe4 31. Qxe4 Re8 32. Qh1 Qc5 33. Rd1 a3 34. Qf3 Rf8 35. Qe4 Qxd6 36. Bb3 Bc6 37. Qe3 Qc7 38. Qxg5 Be4+ 39. Ka1 axb2+ 40. Kxb2 Rf3 41. Rd7+ Qxd7 42. Qe5+ Rf6 43. Qxe4 1/2-1/2

[Event "Tatry op"]
[Site "Tatranske Zruby"]
[Date "2006.09.24"]
[Round "2"]
[White "Vojta, Tomas"]
[Black "Alexaj, Ondrej"]
[Result "1-0"]
[WhiteElo "2303"]
[BlackElo "2072"]
[PlyCount "79"]
[EventDate "2006.09.23"]
[EventType "swiss"]
[EventRounds "9"]
[EventCountry "SVK"]
[SourceTitle "CBM 114 Extra"]
[Source "ChessBase"]
[SourceDate "2006.11.03"]
[SourceVersion "1"]
[SourceVersionDate "2006.11.03"]
[SourceQuality "1"]

1. e4 e6 2. d4 d5 3. e5 c5 4. Qg4 cxd4 5. Nf3 Nc6 6. Bd3 Qc7 7. Bf4 Nge7 8. 0-0 Ng6 9. Re1 Bb4 10. Bd2 Bc5 11. a3 a5 12. h4 Bd7 13. h5 Ngxe5 14. Nxe5 Nxe5 15. Qxg7 Nf3+ 16. gxf3 0-0-0 17. Qe5 Bd6 18. Qxd4 e5 19. Qc3 Bc6 20. Bf5+ Kb8 21. Qxa5 Qe7 22. Kf1 d4 23. Be4 Bxe4 24. Rxe4 f5 25. Re1 Qe6 26. Qa4 Bc7 27. Qb3 Qa6+ 28. Qd3 Qe6 29. Bb4 Rhe8 30. Nd2 Qf7 31. Qb5 Qxh5 32. Ba5 Qh3+ 33. Ke2 Bxa5 34. Rh1 Qg2 35. Rag1 Qxg1 36. Rxg1 Bc7 37. Qd3 h5 38. Qxf5 h4 39. Rh1 Rh8 40. Qg4 1-0

[Event "Tatry op"]
[Site "Tatranske Zruby"]
[Date "2004.09.26"]
[Round "2"]
[White "Alexaj, Ondrej"]
[Black "Klemanic, Emil"]
[Result "0-1"]
[WhiteElo "2085"]
[BlackElo "2248"]
[PlyCount "70"]
[EventDate "2004.09.25"]
[EventType "swiss"]
[EventRounds "9"]
[EventCountry "SVK"]
[SourceTitle "CBM 102 Extra"]
[Source "ChessBase"]
[SourceDate "2004.11.03"]
[SourceVersion "1"]
[SourceVersionDate "2004.11.03"]
[SourceQuality "1"]

1. e4 d6 2. d4 Nf6 3. Nc3 e5 4. Nf3 Nbd7 5. Bc4 Be7 6. 0-0 c6 7. d5 Nb6 8. Bb3 cxd5 9. Nxd5 Nfxd5 10. exd5 a5 11. a4 0-0 12. Be3 Bg4 13. Qd3 Bxf3 14. gxf3 Nd7 15. c4 Bg5 16. Bc2 g6 17. Kg2 Rc8 18. Rh1 Bxe3 19. fxe3 Qg5+ 20. Kf1 e4 21. Qe2 exf3 22. Qxf3 Rxc4 23. Rg1 Qh6 24. Rg2 Ne5 25. Qe2 Rfc8 26. Bd1 f5 27. Ra3 f4 28. Rf2 f3 29. Qd2 Ng4 30. Rc3 Rxc3 31. bxc3 Nxf2 32. Qxf2 Rxc3 33. e4 Qh3+ 34. Ke1 Qg2 35. e5 Rc1 0-1